000 00566nam a2200205Ia 4500
005 20250508153233.0
008 008 250505s9999 xx 000 0 hin d
037 _aTextBook
040 _aFEDL
_beng
_cFEDL
041 _ahin
_2eng
084 _a371.3, MUN
_qFEDL
100 _aPrasad Muneshwar
_9759951
245 0 _aShikshan ke gatisheel vidhiya
260 _aPatna, India
_bMagdh Rajdhani Parkashan
_c1962
300 _aiv,209p
365 _aINR
_b6.75
650 _aTeaching Technique
942 _cTB
_h371.3, MUN
999 _c1341442
_d1341442